[Event "Jesenik Rapid op"]
[Site "Jesenik"]
[Date "2023.08.18"]
[Round "4"]
[White "Skovron, Josef"]
[Black "Frkan, Pavel"]
[Result "1-0"]
[WhiteElo "1769"]
[BlackElo "1470"]
[PlyCount "61"]
[EventDate "2023.08.18"]
[EventType "swiss (rapid)"]
[EventRounds "9"]
[EventCountry "CZE"]
[SourceTitle "EXT 2024"]
[Source "ChessBase"]
[SourceDate "2023.10.10"]
[SourceVersion "1"]
[SourceVersionDate "2023.10.10"]
[SourceQuality "1"]

1. e4 d6 2. d4 c5 3. dxc5 Qa5+ 4. Nc3 Qxc5 5. Be3 Qc7 6. Nf3 Nf6 7. Be2 e5 8. Qd2 Ng4 9. Nd5 Qd7 10. Bg5 h6 11. Bh4 g5 12. Bg3 Bg7 13. 0-0-0 0-0 14. h4 Qa4 15. Nc3 Qb4 16. hxg5 Qb6 17. gxh6 Nxh6 18. Rxh6 Bxh6 19. Qxh6 d5 20. Qxb6 axb6 21. Nxd5 Rxa2 22. Kb1 Ra4 23. Bd3 Be6 24. Nf6+ Kg7 25. Bxe5 Ba2+ 26. Kc1 Kg6 27. Nh4+ Kh6 28. Rh1 Rd8 29. Nf5+ Kg5 30. Rh5+ Kg6 31. f4 1-0